000 01036na a2200301 4500
001 16498
003 MIRAKIL
005 20181213154939.0
008 161012b tu 000 0
020 _a97573940109
040 _aMilas
_btur
_cTR-AnCHP
041 _atur
082 _a956.674023
_bA45a 1995
090 _a956.674023 A45a 1995
100 _aAli Rıza
245 _aAhfada yadigar
_bUrfa mücahedesi
_cAli Rıza; yay. haz. Müslüm Akalın
246 _aUrfa mücahedesi
260 _aŞanlıurfa
_bŞanlıurfa Ili Kültür Eğitim Sanat Ve Araştırma Vakfı yayınları
_c1995
300 _a88 s.
_c19 sm.
440 _aŞanlıurfa Ili Kültür Eğitim Sanat Ve Araştırma Vakfı Yayınları
_v10
490 _aTarih Dizisi
_v2
650 _aKurtuluş Savaşı
_zŞanlıurfa
651 _aTürkiye
_xTarih
_yKurtuluş Savaşı, 1919-1923
_zGüney cephesi
651 _aUrfa
_xTarih
_yKurtuluş Savaşı, 1919-1923
651 _aŞanlıurfa
_xİngiliz İşgali
700 _aAkalın, Müslüm
942 _2ddc
_cBKS
999 _c3680
_d3680